000
00275nam a2200109Ia 4500
008
230907s9999||||xx |||||||||||||| ||und||
082
_a
745.2068
_b
SHE
100
_a
Shetty, Devdas.
_9
14807
245
0
_a
Aise product design for engineers /
300
_a
pages cm
942
_c
BK
999
_c
600701
_d
600701